LEADER 01993nam2-2200553li-450 001 990000102720203316 005 20200406121810.0 010 $a0-201-03822-6 035 $a0010272 035 $aUSA010010272 035 $a(ALEPH)000010272USA01 035 $a0010272 100 $a2001994021969-------y0itay0103----ba 101 0 $aeng 102 $aUS 200 1 $a<> Seminumerical algorithms$fDonald E. Knuth 210 $aReading (Mass.) etc.$bAddison-Wesley$d1969 215 $aXI, 624 p.$d25 cm 225 2$aAddison-Wesley series in computer science and information processing 410 1$12001$aAddison-Wesley series in computer science and information processing 461 0$10010018208$12001$a<> art of computer programming 606 0$aElaboratori$xProgrammazione$2BNCF 676 $a005.1 700 1$aKNUTH,$bDonald E.$048274 801 $aIT$bsalbc$gISBD 912 $a990000102720203316 951 $a001.6 AWC 2 (A)$b52/CBS$c001.6$d00105100 951 $a001.6 AWC 2 (B)$b977/CBS$c001.6$d00329060 951 $a001.6 AWC 2 (C)$b4715/CBS$c001.6$d00329063 951 $a001.6 AWC 2 (D)$b4785/CBS$c001.6$d00329064 951 $a001.6 AWC 2 (E)$b7428/CBS$c001.6$d00329066 959 $aBK 979 $c19940217 979 $c20001110$lUSA01$h1710 979 $aALANDI$b90$c20010215$lUSA01$h1130 979 $aALANDI$b90$c20010215$lUSA01$h1133 979 $aALANDI$b90$c20010215$lUSA01$h1146 979 $aALANDI$b90$c20010215$lUSA01$h1149 979 $aALANDI$b90$c20010215$lUSA01$h1152 979 $c20020403$lUSA01$h1617 979 $aPATRY$b90$c20040406$lUSA01$h1608 979 $aRSIAV6$b90$c20091113$lUSA01$h0938 979 $aRSIAV6$b90$c20091113$lUSA01$h0943 979 $aRSIAV6$b90$c20091113$lUSA01$h0944 979 $aRSIAV6$b90$c20091113$lUSA01$h0945 979 $aRSIAV6$b90$c20091113$lUSA01$h0946 979 $aPATRY$b90$c20160805$lUSA01$h1017 996 $aSeminumerical algorithms$9355282 997 $aUNISA LEADER 02692nam 2200601 450 001 9910788791603321 005 20180731043848.0 010 $a0-8218-8105-1 010 $a0-8218-3766-4 035 $a(CKB)3240000000069952 035 $a(EBL)3113368 035 $a(SSID)ssj0000629285 035 $a(PQKBManifestationID)11397910 035 $a(PQKBTitleCode)TC0000629285 035 $a(PQKBWorkID)10731110 035 $a(PQKB)10819220 035 $a(MiAaPQ)EBC3113368 035 $a(RPAM)14664958 035 $a(PPN)197107532 035 $a(EXLCZ)993240000000069952 100 $a20061211h20072007 uy| 0 101 0 $aeng 135 $aur|n|---||||| 181 $ctxt 182 $cc 183 $acr 200 10$aControl methods in PDE-dynamical systems $eAMS-IMS-SIAM Joint Summer Research Conference, July 3-7, 2005, Snowbird, Utah /$fFabio Ancona [and three others], editors 210 1$aProvidence, Rhode Island :$cAmerican Mathematical Society,$d[2007] 210 4$dİ2007 215 $a1 online resource (416 p.) 225 1 $aContemporary mathematics,$x0271-4132 ;$vvolume 426 300 $aDescription based upon print version of record. 320 $aIncludes bibliographical references. 327 $a""Contents""; ""Preface""; ""Asymptotic Stabilization of Systems of Conservation Laws by Controls Acting at a Single Boundary Point""; ""Variational Principles for Finite Dimensional Initial Value Problems""; ""Boundary and Localized Null Controllability of Structurally Damped Elastic Systems""; ""Nonlinear Aeroelasticity Theory: Continuum Models""; ""Stability Issues in the Euler-Korteweg Model""; ""Optimality Conditions for Solutions to Hyperbolic Balance Laws""; ""Long-Time Dynamics of a Semilinear Wave Equation with Nonlinear Interior/Boundary Damping and Sources of Critical Exponents"" 410 0$aContemporary mathematics (American Mathematical Society) ;$vv. 426. 606 $aDifferential equations, Partial$vCongresses 606 $aDifferentiable dynamical systems$vCongresses 606 $aNonlinear difference equations$vCongresses 606 $aControl theory$vCongresses 615 0$aDifferential equations, Partial 615 0$aDifferentiable dynamical systems 615 0$aNonlinear difference equations 615 0$aControl theory 676 $a515/.353 702 $aAncona$b Fabio$f1964- 712 12$aAMS-IMS-SIAM Joint Summer Research Conference on Control Methods in PDE-Dynamical Systems 801 0$bMiAaPQ 801 1$bMiAaPQ 801 2$bMiAaPQ 906 $aBOOK 912 $a9910788791603321 996 $aControl methods in PDE-dynamical systems$9715753 997 $aUNINA